000 00611nam a22002057a 4500
003 DO-SdBNP
005 20180221152857.0
008 160819b 1974 ve 00| 0 spa d
040 _aBPMSU
_bspa
_cBPMSU
082 4 _axxxx
_bxxxx
100 1 _aJ. Pardo, Isaac
245 1 0 _aBiografía de Juan de Castellanos /
_cIsaac J. Pardo
260 _aCaraca, Venezuela :
_bMinisterio de Educación,
_c1974.
300 _a76 p. ;
_c16 cm.
490 1 _aBiografías escolares
_v32
830 0 _aBiografías escolares
_n32
942 _2ddc
_cBK
945 _aInventariado, 2018 / BT
956 _aBTAVÁREZ
_b10
_d20160819
_fBPMSU
_h0038
999 _c11175
_d11175